Statistics for Alle Dyr i Aalborg Zoo

Click here to take the quiz!

General Stats

  • This quiz has been taken 61 times
  • The average score is 19 of 48

Answer Stats

Answer% Correct
Afrikansk Dværgged
94%
Afrikansk Elefant
91%
Asiatisk Løve
91%
Cariberflamingo
85%
Boerged
73%
Borneo Orangutang
70%
Isbjørn
67%
Brunhalset Kænguru
64%
Californisk Søløve
64%
Grevy Zebra
64%
Humboldtpingvin
64%
Rothschild Giraf
64%
Afrikansk Struds
58%
Chileflamingo
58%
Sumatra Tiger
58%
Asiatisk Dværgodder
55%
Rød Panda
52%
Kattalemur
48%
Stor Myresluger
48%
Totået Dovendyr
48%
Rensdyr
45%
Kappebavian
42%
Vortesvin
39%
Minigris
36%
Lavlandstapir
33%
Østlig Grå Kæmpekænguru
33%
Europæisk Los
30%
Kapivar/Flodsvin
27%
Seksbåndet Bæltedyr
27%
Afrikansk Vildhund
24%
Colombiansk Edderkoppeabe
21%
Sumpbæver
21%
Bjerglori
18%
Gylden Løvetamarin
18%
Dværgflodhest
15%
Surikat
15%
Smaragdvaran
12%
Dværgmangust
9%
Hvidnæset Næsebjørn
9%
Kejser Tamarin
9%
Patagonisk Mara
9%
Sort Kaiman
9%
Stor Kudu
9%
Goeldis Tamarin
6%
Lille Nandu
6%
Sabeloryx
6%
Vikunja
6%
Stor Hokko
3%

Score Distribution

Percentile by Number Answered

Percent of People with Each Score

Your Score History

You have not taken this quiz